000 00747nam a2200241 a 4500
001 68244
003 BD-RjUL
005 20211209081739.0
008 931013s1951 enk 000 0 eng d
035 _a(BD-RjUL)68454
040 _aBD-RjUL
_beng
_cBD-RjUL
041 _aeng
082 _223
_a325.341096
_bATT 1951
245 1 0 _aAttitude to Africa /
_cby W. Arthur Lewis ... [et al.] ; with a map by Bip Pares
260 _aHarmondsworth :
_bPenguin Books,
_c1951
300 _a155 p. :
_bill. ;
_c18 cm
490 1 _aA Penguin special ;
_vS 159
650 _aBritish colonies
_9165485
651 0 _aAfrica
_xForeign relations
_9202312
700 _aLewis,W. Arthur
_9210319
830 0 _aA Penguin special ;
_vS 159.
_9160677
942 _2ddc
_cBK
999 _c68244
_d68244